000 00423nam a22001817a 4500
003 NUST - PNEC
005 20170116180915.0
008 150903b xxu||||| |||| 00| 0 eng d
020 _a-
040 _cLIBRARY
082 _a620.112 JUD
100 _97377
_aJudge, A. W.
245 _aEngineering materials: Vol 1
250 _a2nd ed. ,Vol 1
260 _cc.1943
650 _97379
_aMaterials
_xME
942 _2ddc
_cBK
999 _c65424
_d65424